<?xml version="1.0" encoding="UTF-8"?>
<record
    xmlns:xsi="http://www.w3.org/2001/XMLSchema-instance"
    xsi:schemaLocation="http://www.loc.gov/MARC21/slim http://www.loc.gov/standards/marcxml/schema/MARC21slim.xsd"
    xmlns="http://www.loc.gov/MARC21/slim">

  <leader>02505nam a2200397 i 4500</leader>
  <controlfield tag="001">193208</controlfield>
  <controlfield tag="003">SpMaBN</controlfield>
  <controlfield tag="005">20250804062654.0</controlfield>
  <controlfield tag="007">ta</controlfield>
  <controlfield tag="008">231004s2018    sp     | |||| 000 f spa  </controlfield>
  <datafield tag="017" ind1=" " ind2=" ">
    <subfield code="a">B 23197-2018</subfield>
    <subfield code="b">Oficina Dep&#xF3;sito Legal Barcelona</subfield>
  </datafield>
  <datafield tag="020" ind1=" " ind2=" ">
    <subfield code="a">9788432234446</subfield>
  </datafield>
  <datafield tag="035" ind1=" " ind2=" ">
    <subfield code="a">(OCoLC)1091709581</subfield>
  </datafield>
  <datafield tag="035" ind1=" " ind2=" ">
    <subfield code="a">a6419155</subfield>
  </datafield>
  <datafield tag="040" ind1=" " ind2=" ">
    <subfield code="a">SpMaBN</subfield>
    <subfield code="b">spa</subfield>
    <subfield code="c">SpMaBN</subfield>
    <subfield code="e">rda</subfield>
    <subfield code="d">ES-MaACL</subfield>
  </datafield>
  <datafield tag="080" ind1=" " ind2=" ">
    <subfield code="a">821.134.2-31"19"</subfield>
  </datafield>
  <datafield tag="100" ind1="1" ind2=" ">
    <subfield code="a">Montero, Rosa,</subfield>
    <subfield code="d">1951-</subfield>
    <subfield code="0">XX968899</subfield>
    <subfield code="e">aut</subfield>
    <subfield code="9">82503</subfield>
  </datafield>
  <datafield tag="245" ind1="1" ind2="4">
    <subfield code="a">Los tiempos del odio :</subfield>
    <subfield code="b">[sin amor no merece la pena vivir] /</subfield>
    <subfield code="c">Rosa Montero</subfield>
  </datafield>
  <datafield tag="250" ind1=" " ind2=" ">
    <subfield code="a">Primera edici&#xF3;n: noviembre de 2018</subfield>
  </datafield>
  <datafield tag="264" ind1=" " ind2="1">
    <subfield code="a">[Barcelona] :</subfield>
    <subfield code="b">Seix Barral,</subfield>
    <subfield code="c">2018</subfield>
  </datafield>
  <datafield tag="300" ind1=" " ind2=" ">
    <subfield code="a">399 p&#xE1;ginas ;</subfield>
    <subfield code="c">23 cm</subfield>
  </datafield>
  <datafield tag="336" ind1=" " ind2=" ">
    <subfield code="a">Texto</subfield>
    <subfield code="2">rdacontent</subfield>
  </datafield>
  <datafield tag="337" ind1=" " ind2=" ">
    <subfield code="a">sin mediaci&#xF3;n</subfield>
    <subfield code="2">rdamedia</subfield>
  </datafield>
  <datafield tag="338" ind1=" " ind2=" ">
    <subfield code="a">volumen</subfield>
    <subfield code="2">rdacarrier</subfield>
  </datafield>
  <datafield tag="490" ind1="1" ind2=" ">
    <subfield code="a">Biblioteca furtiva</subfield>
  </datafield>
  <datafield tag="530" ind1=" " ind2=" ">
    <subfield code="3">Independiente, poco sociable, intuitiva y poderosa, la detective replicante Bruna Husky s&#xF3;lo tiene un punto vulnerable: su gran coraz&#xF3;n. Cuando el inspector Lizard desaparece sin dejar rastro, la detective se lanza a una b&#xFA;squeda desesperada y contrarreloj del polic&#xED;a. Su investigaci&#xF3;n la lleva a una colonia remota de Nuevos Antiguos, una secta que reniega de la tecnolog&#xED;a, as&#xED; como a rastrear los or&#xED;genes de una oscura trama de poder que se remonta al siglo xvi. Mientras tanto, la situaci&#xF3;n del mundo se hace m&#xE1;s y m&#xE1;s convulsa, la crispaci&#xF3;n populista aumenta y la guerra civil parece inevitable.
Bruna tendr&#xE1; que hacer frente a su mayor temor, la muerte, en una historia que es un certero y deslumbrante retrato de los tiempos en que vivimos.
Los tiempos del odio es una novela intensa y de acci&#xF3;n trepidante, en la que est&#xE1;n presentes los grandes temas de Rosa Montero: el paso del tiempo, la necesidad de los otros para que la vida merezca la pena, la pasi&#xF3;n como rebeli&#xF3;n frente a la muerte, los excesos del poder y el horror de los dogmas.</subfield>
  </datafield>
  <datafield tag="655" ind1=" " ind2="0">
    <subfield code="a">Novelas</subfield>
    <subfield code="9">234319</subfield>
  </datafield>
  <datafield tag="830" ind1=" " ind2=" ">
    <subfield code="9">224604</subfield>
    <subfield code="a">Biblioteca furtiva</subfield>
  </datafield>
  <datafield tag="852" ind1=" " ind2=" ">
    <subfield code="a">ES-MaACL</subfield>
    <subfield code="b">R.154573</subfield>
    <subfield code="9">200589</subfield>
    <subfield code="j">N-9395</subfield>
    <subfield code="c">DEPOJ</subfield>
    <subfield code="f">Donaci&#xF3;n: Rosa Montero </subfield>
    <subfield code="g">Dedicatoria aut&#xF3;grafa de la autora</subfield>
    <subfield code="x">Encuadernaci&#xF3;n r&#xFA;stica con solapas (incluye faja)</subfield>
  </datafield>
  <datafield tag="903" ind1=" " ind2=" ">
    <subfield code="a">Montero, Rosa,</subfield>
    <subfield code="d">1951-</subfield>
    <subfield code="e">dnr</subfield>
    <subfield code="9">82503</subfield>
  </datafield>
  <datafield tag="942" ind1=" " ind2=" ">
    <subfield code="n">0</subfield>
    <subfield code="c">MONOGRAFIA</subfield>
  </datafield>
  <datafield tag="999" ind1=" " ind2=" ">
    <subfield code="c">193208</subfield>
    <subfield code="d">193208</subfield>
  </datafield>
  <datafield tag="952" ind1=" " ind2=" ">
    <subfield code="0">0</subfield>
    <subfield code="1">0</subfield>
    <subfield code="2">udc</subfield>
    <subfield code="4">0</subfield>
    <subfield code="7">0</subfield>
    <subfield code="8">Librosdedicados</subfield>
    <subfield code="a">ATENEOM</subfield>
    <subfield code="b">ATENEOM</subfield>
    <subfield code="c">DEPOJ</subfield>
    <subfield code="d">2023-10-04</subfield>
    <subfield code="e">DONACION</subfield>
    <subfield code="j">1</subfield>
    <subfield code="l">0</subfield>
    <subfield code="o">N-9395</subfield>
    <subfield code="p">101205884</subfield>
    <subfield code="r">2023-10-04 00:00:00</subfield>
    <subfield code="y">MONOGRAFIA</subfield>
    <subfield code="z">Dedicatoria aut&#xF3;grafa de la autora</subfield>
  </datafield>
</record>
